| 000 | 00736nam a2200253Ia 4500 | ||
|---|---|---|---|
| 005 | 20250425162134.0 | ||
| 008 | 250425s9999 xx 000 0 und d | ||
| 020 | _a9681801679 | ||
| 041 | _aspa | ||
| 082 | _a628.3 | ||
| 100 | _aFAIR, GORDON MASKEW | ||
| 245 | 0 | _aPURIFICACION DE AGUAS Y TRATAMIENTO Y REMOCION DE AGUAS RESIDUALES: INGENIERIA SANITARIA Y DE AGUA RESIDUALES | |
| 250 | _a1A ED. | ||
| 260 | _aMEXICO | ||
| 260 |
_aMéxico _bLIMUSA _c1997 |
||
| 300 | _a764 | ||
| 500 | _aEN CIBGZ-FIMCP 50291 V.2 PARA ING. ALIMENTOS Y AGROP. | ||
| 650 | _aAGUAS RESIDUALES-TRATAMIENTO | ||
| 650 | _aINGENIERIA SANITARIA | ||
| 650 | _aSEDIMENTACION | ||
| 700 | _aOKUN, DANIEL ALEXANDER | ||
| 942 | _c01 | ||
| 010 | _a52391 | ||
| 999 |
_c223086 _d223086 |
||